SENTENCING LAW AND POLICY: CASES,STATUTES,AND GUIDELINES (Record no. 216321)
[ view plain ]
| 000 -LEADER | |
|---|---|
| fixed length control field | 00594nam a22001937a 4500 |
| 008 - FIXED-LENGTH DATA ELEMENTS--GENERAL INFORMATION | |
| fixed length control field | 251201b |||||||| |||| 00| 0 eng d |
| 020 ## - INTERNATIONAL STANDARD BOOK NUMBER | |
| International Standard Book Number | 978-1-4548-8087-5 |
| 050 ## - LIBRARY OF CONGRESS CALL NUMBER | |
| Classification number | KF 9685 .D 46 2018 |
| 100 ## - MAIN ENTRY--PERSONAL NAME | |
| Personal name | DEMLEITNER NORA V. |
| 245 ## - TITLE STATEMENT | |
| Title | SENTENCING LAW AND POLICY: CASES,STATUTES,AND GUIDELINES |
| 250 ## - EDITION STATEMENT | |
| Edition statement | 4 |
| 260 ## - PUBLICATION, DISTRIBUTION, ETC. | |
| Place of publication, distribution, etc. | NEWYORK, |
| Name of publisher, distributor, etc. | WOLTERS KLUWER, |
| Date of publication, distribution, etc. | 2018, |
| 300 ## - PHYSICAL DESCRIPTION | |
| Extent | X,486 P, ILL |
| 500 ## - GENERAL NOTE | |
| General note | INCLUDES INDEX |
| 650 ## - SUBJECT ADDED ENTRY | |
| Topical term or geographic name entry element | Sentences (Criminal procedure)-United States |
| 700 ## - ADDED ENTRY--PERSONAL NAME | |
| Personal name | BERMAN DOUGLAS A, MILLER MARC L, WRIGHT RONALD F |
| 942 ## - ADDED ENTRY ELEMENTS (KOHA) | |
| Source of classification or shelving scheme | Library of Congress Classification |
| Koha item type | Long Loan Book |
| Withdrawn status | Lost status | Source of classification or shelving scheme | Damaged status | Not for loan | Collection | Home library | Current library | Shelving location | Date acquired | Inventory number | Total checkouts | Full call number | Barcode | Date last seen | Copy number | Price effective from | Koha item type |
|---|---|---|---|---|---|---|---|---|---|---|---|---|---|---|---|---|---|
| Library of Congress Classification | Law | Kisii University Library | Kisii University Library | On Display | 12/01/2025 | 110273 | KF 9685 .D46 2018 | 000000024488 | 12/01/2025 | 1 | 12/01/2025 | Long Loan Book | |||||
| Library of Congress Classification | Law | Kisii University Library | Kisii University Library | On Display | 12/01/2025 | 110274 | KF 9685 .D46 2018 | 000000024489 | 12/01/2025 | 2 | 12/01/2025 | Long Loan Book | |||||
| Library of Congress Classification | Law | Kisii University Library | Kisii University Library | On Display | 03/05/2026 | 111943 | KF 9685 .D 46 2018 | 000000017468 | 03/05/2026 | 3 | 03/05/2026 | Long Loan Book |